| 000 | 00944nas a2200265 4500 | ||
|---|---|---|---|
| 001 | BR2013009953 | ||
| 003 | BR-BrBNA | ||
| 005 | 20231205123358.0 | ||
| 007 | ta | ||
| 008 | 230509b bl.|||p| |||| 00| 00por d | ||
| 040 |
_aBR-BrBNA _bpor _cBiblioteca Nacional de Agricultura |
||
| 041 | _a(Pt) | ||
| 072 | _aU10; P35; P36 | ||
| 100 | 1 | _aCabral, S.L. | |
| 100 | 1 | _aReis, R.S. | |
| 100 | 1 | _aFragoso Júnior, C.R. | |
| 245 | 1 | _aAvaliação do efeito da urbanização na produção de sedimentos da bacia do rio Jacarecica/AL mediante uso de modelo hidrossedimentológico distribuído | |
| 650 | _aMODELO MATEMÁTICO | ||
| 650 | _aFERTILIDADE DO SOLO | ||
| 650 | _aEROSÃO | ||
| 773 | 0 |
_tRevista Brasileira de Ciência do Solo (Brazil) _xISSN 0100-0683 _g(Jul-Aug 2013), v. 37(4) p. 1073-1080 _wBR2013009953 |
|
| 856 | 4 | 0 | _uhttp://www.scielo.br/pdf/rbcs/v37n4/24.pdf |
| 909 |
_a202311 _bLúcia _c55 _dLúcia Elande |
||
| 942 |
_2AGRIS _n0 _cANA |
||
| 999 |
_c233584 _d233584 |
||